VEDO MAIN VIDNYAN (Record no. 357626)

MARC details
000 -LEADER
fixed length control field 004430000a22001450004500
005 - DATE AND TIME OF LATEST TRANSACTION
control field 20120302062754.0
040 ## - CATALOGING SOURCE
Original cataloging agency HIN
100 ## - MAIN ENTRY--PERSONAL NAME
Personal name DWIVEDI ,KAPIL DEV
245 ## - TITLE STATEMENT
Title VEDO MAIN VIDNYAN
260 ## - PUBLICATION, DISTRIBUTION, ETC. (IMPRINT)
Place of publication, distribution, etc DNYANPUR (BHADOHI) : VISHWABHARATI ANUSANDHAN PARISHAD
300 ## - PHYSICAL DESCRIPTION
Extent 303 P.
365 ## - TRADE PRICE
Price amount RS.250/-
650 ## - SUBJECT ADDED ENTRY--TOPICAL TERM
Topical term or geographic name as entry element VED / VIDNYAN / BHAUTIKI / RASAYAN SHASTRA / BOTANY / VANASPATI SHASTRA / JANTU VIDNYAN /ZOOLOGY / TECHNOLOGY
942 ## - ADDED ENTRY ELEMENTS (KOHA)
Koha item type Book
Holdings
Withdrawn status Lost status Damaged status Not for loan Home library Current library Date acquired Total Checkouts Barcode Date last seen Price effective from
        Institute For Oriental Study, Thane Institute For Oriental Study, Thane 12/02/2009   IOS-H 18678 12/02/2009 12/02/2009